<?xml version="1.0" encoding="UTF-8"?>
<record
    xmlns:xsi="http://www.w3.org/2001/XMLSchema-instance"
    xsi:schemaLocation="http://www.loc.gov/MARC21/slim http://www.loc.gov/standards/marcxml/schema/MARC21slim.xsd"
    xmlns="http://www.loc.gov/MARC21/slim">

  <leader>01328    a2200253   4500</leader>
  <controlfield tag="001">63829</controlfield>
  <controlfield tag="005">20260407155938.0</controlfield>
  <controlfield tag="008">260407a1973    arg                 spa d</controlfield>
  <controlfield tag="003">AR-UNSa-BCEJYS</controlfield>
  <datafield tag="040" ind1=" " ind2=" ">
    <subfield code="a">AR-UNSa-BCEJYS</subfield>
    <subfield code="b">spa</subfield>
    <subfield code="c">AR-UNSa-BCEJYS</subfield>
  </datafield>
  <datafield tag="080" ind1=" " ind2=" ">
    <subfield code="a">338.43</subfield>
    <subfield code="x">Agricultura como una rama de la econom&#xED;a. Econom&#xED;a de los productos alimenticios</subfield>
  </datafield>
  <datafield tag="245" ind1="1" ind2="0">
    <subfield code="a">Econom&#xED;a de la empresa agraria</subfield>
  </datafield>
  <datafield tag="020" ind1=" " ind2=" ">
    <subfield code="a">978-84-7114-038-8</subfield>
  </datafield>
  <datafield tag="264" ind1=" " ind2="1">
    <subfield code="a">Madrid :</subfield>
    <subfield code="b">Ediciones Mundi-Prensa</subfield>
    <subfield code="c">1973</subfield>
  </datafield>
  <datafield tag="300" ind1=" " ind2=" ">
    <subfield code="a">506 p.</subfield>
    <subfield code="c">22 cm.</subfield>
  </datafield>
  <datafield tag="505" ind1=" " ind2=" ">
    <subfield code="a">1. La contabilidad de la empresa agr&#xED;cola - 2. Obtenci&#xF3;n y recogida de los datos t&#xE9;cnicos - 3. El an&#xE1;lisis comparativo - 4. El an&#xE1;lisis de m&#xE1;rgenes - 5. An&#xE1;lisis de los costos de producci&#xF3;n - 6. El an&#xE1;lisis factorial - 7. El an&#xE1;lisis aislado de los factores - 8. La decisi&#xF3;n en la empresa - 9. Teor&#xED;a de la producci&#xF3;n agr&#xED;cola - 10. Presupuestos cl&#xE1;sicos - 11. Modelos lineales de decisi&#xF3;n - 12. Selecci&#xF3;n de las inversiones - 13. Modelizaci&#xF3;n e incertidumbre - 14. Modelos de programaci&#xF3;n lineal para empresas de regad&#xED;o. Problemas espec&#xED;ficos y complementos.</subfield>
  </datafield>
  <datafield tag="041" ind1=" " ind2=" ">
    <subfield code="a">spa</subfield>
  </datafield>
  <datafield tag="942" ind1=" " ind2=" ">
    <subfield code="c">BK</subfield>
  </datafield>
  <datafield tag="590" ind1=" " ind2=" ">
    <subfield code="a">niveau_biblio:m niveau_hierar:0</subfield>
  </datafield>
  <datafield tag="100" ind1="1" ind2=" ">
    <subfield code="a">Cordonnier, Pierre</subfield>
  </datafield>
  <datafield tag="700" ind1="1" ind2=" ">
    <subfield code="a">Carles, Roland</subfield>
  </datafield>
  <datafield tag="700" ind1="1" ind2=" ">
    <subfield code="a">Castilla Simarro, J.L.</subfield>
  </datafield>
  <datafield tag="700" ind1="1" ind2=" ">
    <subfield code="a">Marsal, Pierre</subfield>
  </datafield>
  <datafield tag="999" ind1=" " ind2=" ">
    <subfield code="c">8338</subfield>
    <subfield code="d">8338</subfield>
  </datafield>
  <datafield tag="952" ind1=" " ind2=" ">
    <subfield code="0">0</subfield>
    <subfield code="1">0</subfield>
    <subfield code="4">0</subfield>
    <subfield code="7">0</subfield>
    <subfield code="a">BCEJYS</subfield>
    <subfield code="b">BCEJYS</subfield>
    <subfield code="c">16</subfield>
    <subfield code="d">2026-04-07</subfield>
    <subfield code="l">0</subfield>
    <subfield code="o">338.43 C796</subfield>
    <subfield code="p">L28633</subfield>
    <subfield code="r">2026-04-07 15:59:38</subfield>
    <subfield code="w">2026-04-07</subfield>
    <subfield code="y">L</subfield>
  </datafield>
</record>
